LIBRARY & INFORMATION CENTRE, KCAET, TAVANUR

ONLINE PUBLIC ACCESS CATALOGUE (OPAC)

Text book of heat / (Record no. 11064)

MARC details
000 -LEADER
fixed length control field 00741cam a2200277ua 4500
041 ## - LANGUAGE CODE
Language code of text/sound track or separate title eng
082 ## - DEWEY DECIMAL CLASSIFICATION NUMBER
Classification number 536
Item number SAV/TE
100 ## - MAIN ENTRY--AUTHOR NAME
Personal name Savarirayan, S J .
245 ## - TITLE STATEMENT
Title Text book of heat /
250 ## - EDITION STATEMENT
Edition statement 3 /
260 ## - PUBLICATION, DISTRIBUTION, ETC. (IMPRINT)
Place of publication Madras :
Name of publisher National publishing co. ,
Year of publication 1965.
300 ## - PHYSICAL DESCRIPTION
Number of Pages 300 ; .
490 0# - SERIES STATEMENT
Series statement The national publishing co. physics series,
Volume number/sequential designation
700 1# - ADDED ENTRY--PERSONAL NAME
Personal name Krishnan, G .
700 1# - ADDED ENTRY--PERSONAL NAME
Personal name Venkatesan, K S .
942 ## - ADDED ENTRY ELEMENTS (KOHA)
Koha item type Books
Holdings
Withdrawn status Lost status Damaged status Home library Current library Date acquired Full call number Accession Number Koha item type Public note
Withdrawn     KAUAET KAUAET 07/04/2012 536 SAV/TE 7712 Books  
Withdrawn     KAUAET KAUAET 07/04/2012 536 SAV/TE 7710 Books  
Withdrawn     KAUAET Sanskrit University 07/04/2012 536 SAV/TE 7713 Books Transferred to Sanskrit University
Withdrawn     KAUAET Sanskrit University 07/04/2012 536 SAV/TE 7714 Books Transferred to Sanskrit University
Withdrawn     KAUAET Sanskrit University 07/04/2012 536 SAV/TE 7715 Books Transferred to Sanskrit University
free website counter